<?xml version="1.0" encoding="UTF-8"?><collection xmlns="info:lc/xmlns/marcxchange-v2"><record format="Unimarc" type="bibliographic"><leader>00613cam  2200217   450 </leader><controlfield tag="001">2308842</controlfield><controlfield tag="003">http://id.bnportugal.gov.pt/bib/porbase/2308842</controlfield><controlfield tag="005">20060303143100.0</controlfield><datafield ind1=" " ind2=" " tag="010"><subfield code="a">0-19-284211-0</subfield></datafield><datafield ind1=" " ind2=" " tag="035"><subfield code="a">UCJPII_201.iso/10-12-2010/26991</subfield></datafield><datafield ind1=" " ind2=" " tag="035"><subfield code="a">177776</subfield></datafield><datafield ind1=" " ind2=" " tag="100"><subfield code="a">20010710d2000    km y0pory0103    ba</subfield></datafield><datafield ind1="0" ind2=" " tag="101"><subfield code="a">eng</subfield></datafield><datafield ind1=" " ind2=" " tag="102"><subfield code="a">GB</subfield></datafield><datafield ind1="1" ind2=" " tag="200"><subfield code="a">Byzantine art</subfield><subfield code="f">Robin Cormack</subfield></datafield><datafield ind1=" " ind2=" " tag="210"><subfield code="a">Oxford</subfield><subfield code="c">Oxford University Press</subfield><subfield code="d">2000</subfield></datafield><datafield ind1=" " ind2=" " tag="215"><subfield code="a">VIII, 248 p.</subfield><subfield code="c">il.</subfield><subfield code="d">24 cm</subfield></datafield><datafield ind1="2" ind2=" " tag="225"><subfield code="a">Oxford history of art</subfield></datafield><datafield ind1=" " ind2=" " tag="675"><subfield code="a">246</subfield><subfield code="v">2med</subfield><subfield code="z">por</subfield></datafield><datafield ind1=" " ind2=" " tag="675"><subfield code="a">7.033.2</subfield><subfield code="v">2med</subfield><subfield code="z">por</subfield></datafield><datafield ind1=" " ind2="1" tag="700"><subfield code="a">Cormack</subfield><subfield code="b">Robin</subfield></datafield><datafield ind1=" " ind2="0" tag="801"><subfield code="a">PT</subfield><subfield code="b">UCJPII</subfield><subfield code="g">RPC</subfield></datafield></record></collection>